Normal view MARC view
  • Gutiérrez Hernández, Norma

Entry Nombre Personal

Number of records used in: 11

001 - NUMERO DE CONTROL

  • campo de control: 35961

003 - IDENTIFICADOR DE NUMERO DE CONTROL

  • campo de control: DLC

005 - FECHA Y HORA DE LA ÜLTIMA TRANSACCIÓN

  • campo de control: 20241024092806.0

008 - DATOS DE LONGITUD FIJA

  • campo de control de longitud fija: 241024n||acannaabn | aaa |d

010 ## - NÚMERO DE CONTROL DE LA BIBLIOTECA DEL CONGRESO

  • Número de control LC: no2008077145

035 ## - NUMERO DE CONTROL

  • Número de control: UPN11000008068

035 ## - NUMERO DE CONTROL

  • Número de control: (OCoLC)oca07776762

040 ## - FUENTE DE CATALOGACIÓN

  • Lenguaje de catalogación: spa
  • Agencia de transcripción: MX-ZcUA
  • Agencia original de catalogación: MX-ZcUA
  • Agencia que lo modifica: DLC
  • Agencia que lo modifica: MX-MxUPN

100 1# - ENCABEZAMIENTO - NOMBRE PERSONAL

  • Nombre personal: Gutiérrez Hernández, Norma

370 ## - LUGAR ASOCIADO

  • Fuente del término: naf
  • Place of birth: Zacatecas (Zacatecas, México)

372 ## - CAMPO DE ACTIVIDAD

  • Field of activity: Historia
  • Field of activity: Ciencias sociales
  • Field of activity: Educación

373 ## - GRUPO ASOCIADO

  • Associated group: Universidad Autónoma de Zacatecas

377 ## - LENGUA ASOCIADA

  • Language code: spa

670 ## - FUENTE EN LA QUE SE LOCALIZARON DATOS

  • Cita de la fuente: T
  • Información localizada: http://docenciasuperior.uaz.edu.mx/c/document_library/get_file?uuid=be1158a8-b0d7-4d5e-a1e7-fc77ff79bbab&groupId=259305

670 ## - FUENTE EN LA QUE SE LOCALIZARON DATOS

  • Cita de la fuente: Autoridades LC, 24 octubre 2024 :
  • Información localizada: (Gutiérrez Hernández, Norma)
  • Uniform Resource Identifier: https://lccn.loc.gov/no2008077145

680 ## - NOTA PUBLICA DE ACCESO PÚBLICO

  • Frase explicativa de la referencia: Licenciada en Historia por la Universidad Autónoma de Zacatecas (UAZ), Especialista en Estudios de Género por El Colegio de México, Maestra en Ciencias Sociales por la UAZ (titulada con Mención Honorífica) y Doctora en Historia por la Universidad Nacional Autónoma de México (titulada con Mención Honorífica). Sus líneas de investigación son Historia de las mujeres e historia de la educación. El 8 de marzo del 2011 fue galardoneada por el Gobierno del Estado de Zacatecas con el Reconocimiento “Mujeres que abrieron camino”, por su trayectoria académica. Cuenta con Perfil PROMEP

902 ## - CATALOGADOR

  • Catalogador: BDV/
  • Catalogador: MaríaRobles/241024